00240nam a2200109Ia 4500008004100000041001200041082001100053100001600064245003800080260000600118650000600124221030s9999 xx 000 0 und d aEnglish a105.23 aM. G. Arora 0aStructure of Atomcby M. G. Arora c0 aB